El Salvador: who will have the hospitals? /

Shranjeno v:
Bibliografske podrobnosti
Glavni avtor: Schuld, Leslie
Format: Texto
Teme:
Oznake: Označite
Brez oznak, prvi označite!

MARC

LEADER 00000 a a2200000 04500
001 9977
003
040
100 |a Schuld, Leslie  
245 |a El Salvador:   |b who will have the hospitals? /  |c Leslie Schuld 
650 |a PRIVATIZACION  
650 |a HOSPITALES  
650 |a SALUD  
650 |a ATENCION MEDICA  
650 |a SERVICIOS DE SALUD  
650 |a SISTEMA DE SALUD  
650 |a MOVILIZACION SOCIAL  
650 |a HUELGAS  
773 |g volumen 36, número 3; páginas 42-45  
999 |c 33966  |d 33966